[Event "First Saturday 2006 augusztus FM-A"]
[Site "Budapest"]
[Date "2006.08.12"]
[Round "8"]
[White "Juhasz, Mark"]
[Black "Balogh, Laszlo"]
[Result "0-1"]
[WhiteElo "2169"]
[BlackElo "2200"]
[PlyCount "75"]
[EventDate "2006.08.05"]

1. c4 Nf6 2. g3 e6 3. Bg2 d5 4. d4 c6 5. Nf3 Bd6 6. Qc2 O-O 7. O-O Ne4 8. Nfd2
f5 9. f3 Nxd2 10. Bxd2 Qf6 11. e3 h5 12. Bc3 Qh6 13. Bd2 Qf6 14. Bc3 dxc4 15.
f4 Qe7 16. a4 c5 17. Nd2 cxd4 18. exd4 Qc7 19. Nf3 Nd7 20. Ng5 Nf6 21. Rfe1 Re8
22. b3 Bd7 23. Bf1 cxb3 24. Qxb3 Qb6 25. Bb5 Bf8 26. Re5 Bxb5 27. axb5 Kh8 28.
Nxe6 Ng4 29. Ree1 Rac8 30. Kg2 Rxc3 31. Qxc3 Rxe6 32. Qc8 Rf6 33. h3 Nh6 34.
Re8 Qd6 35. Rxa7 Kh7 36. Rxb7 Qd5+ 37. Kf1 Qh1+ 38. Ke2 0-1

[Event "First Saturday 2006 augusztus FM-A"]
[Site "Budapest"]
[Date "2006.08.12"]
[Round "8"]
[White "Ohme, Melanie"]
[Black "Hoang, Tri"]
[Result "1/2-1/2"]
[WhiteElo "2123"]
[BlackElo "2147"]
[PlyCount "50"]
[EventDate "2006.08.05"]

1. e4 e5 2. Bc4 Nf6 3. d3 c6 4. Nf3 d5 5. Bb3 Bd6 6. Nc3 dxe4 7. Ng5 O-O 8.
Ncxe4 Nxe4 9. Nxe4 Bf5 10. O-O Bxe4 11. dxe4 Na6 12. Qg4 Qf6 13. Be3 Nc5 14.
Bc4 b5 15. Be2 Ne6 16. a4 a6 17. Rfd1 Bc5 18. Bxc5 Nxc5 19. a5 Rfd8 20. b4 Ne6
21. c3 Rxd1+ 22. Rxd1 Rd8 23. Qf3 Rxd1+ 24. Bxd1 Qd8 25. Be2 Nf4 1/2-1/2

[Event "First Saturday 2006 augusztus FM-A"]
[Site "Budapest"]
[Date "2006.08.13"]
[Round "9"]
[White "Hoang, Tri"]
[Black "Bolvary, Tamara"]
[Result "1-0"]
[WhiteElo "2147"]
[BlackElo "2104"]
[PlyCount "79"]
[EventDate "2006.08.05"]

1. d4 d5 2. Bg5 Nf6 3. Bxf6 exf6 4. e3 Bd6 5. Nf3 c6 6. Bd3 f5 7. O-O Be6 8. b3
O-O 9. c4 Nd7 10. Qc2 g6 11. Nc3 Nf6 12. c5 Bc7 13. b4 Ne4 14. b5 g5 15. Rab1
Ba5 16. Ne2 g4 17. Bxe4 fxe4 18. Nd2 f5 19. Nf4 Bd7 20. bxc6 bxc6 21. Rb2 Rf6
22. Rfb1 Bc7 23. Qa4 Rh6 24. g3 Bc8 25. Kg2 a5 26. Rh1 Bxf4 27. exf4 Ba6 28.
Qd1 Qe8 29. Nf1 Bd3 30. Ne3 Qc8 31. Rb6 a4 32. Nxd5 Qd8 33. Ne3 Rf6 34. Qa1 Be2
35. Rhb1 Bf3+ 36. Kg1 Qf8 37. d5 Rc8 38. Qe5 Qh6 39. h4 gxh3 40. Kh2 1-0

[Event "First Saturday 2006 augusztus FM-A"]
[Site "Budapest"]
[Date "2006.08.13"]
[Round "9"]
[White "Balogh, Laszlo"]
[Black "Ohme, Melanie"]
[Result "1/2-1/2"]
[WhiteElo "2200"]
[BlackElo "2123"]
[PlyCount "106"]
[EventDate "2006.08.05"]

1. d4 Nf6 2. Bg5 e6 3. Nd2 Be7 4. Ngf3 O-O 5. e3 c5 6. c3 b6 7. Bd3 Ba6 8. Bxa6
Nxa6 9. Qe2 Nc7 10. O-O d5 11. Ne5 Qd6 12. Bf4 Qd8 13. Rad1 c4 14. b3 cxb3 15.
axb3 Bd6 16. Bg5 Qe8 17. Bxf6 gxf6 18. Nef3 f5 19. c4 Qe7 20. g3 Rfc8 21. Qd3
a5 22. Ra1 Na6 23. Rfc1 Nb4 24. Qe2 Qd7 25. cxd5 Nxd5 26. Rxc8+ Rxc8 27. Nc4
Qc7 28. Nfe5 Bb4 29. Nd3 Bc3 30. Rc1 a4 31. Nd2 axb3 32. Nxb3 Qc4 33. Nd2 Qa2
34. Kf1 Ra8 35. Nb1 Qb3 36. Nxc3 Nxc3 37. Qc2 Qxc2 38. Rxc2 Ra1+ 39. Kg2 Nd5
40. Rb2 Ra8 41. Nf4 Nxf4+ 42. gxf4 Rb8 43. Kf3 Kf8 44. Ke2 Ke7 45. Kd3 b5 46.
Kc3 Kd6 47. f3 Rc8+ 48. Kb4 Rc1 49. Kxb5 Rf1 50. Kc4 Rxf3 51. Kd3 Rh3 52. Rb7
Rxh2 53. Rxf7 Rh3 1/2-1/2

[Event "First Saturday 2006 augusztus FM-A"]
[Site "Budapest"]
[Date "2006.08.13"]
[Round "9"]
[White "Csapo, Zoltan"]
[Black "Juhasz, Mark"]
[Result "1-0"]
[WhiteElo "2210"]
[BlackElo "2169"]
[PlyCount "35"]
[EventDate "2006.08.05"]

1. e4 Nf6 2. Nc3 d5 3. e5 Nfd7 4. f4 c5 5. Nf3 Nc6 6. g3 e6 7. Bg2 b6 8. O-O
Ba6 9. d3 b5 10. f5 Be7 11. fxe6 fxe6 12. Bh3 Nf8 13. a4 b4 14. Nb5 h6 15. Nh4
Bxb5 16. axb5 Nd4 17. Qh5+ Kd7 18. Ra6 1-0

[Event "First Saturday 2006 augusztus FM-A"]
[Site "Budapest"]
[Date "2006.08.13"]
[Round "9"]
[White "Varga, Karoly"]
[Black "Kubacsny, Vilmos"]
[Result "1-0"]
[WhiteElo "2104"]
[BlackElo "2079"]
[PlyCount "41"]
[EventDate "2006.08.05"]

1. c4 e5 2. Nc3 Nc6 3. g3 Bc5 4. Bg2 a6 5. e3 d6 6. Nge2 Nge7 7. O-O h5 8. d4
Ba7 9. d5 Na5 10. Qd3 b6 11. b4 Nb7 12. e4 h4 13. Be3 Ng6 14. f3 hxg3 15. hxg3
Bh3 16. Bxh3 Rxh3 17. Kg2 Qd7 18. Rh1 Rxh1 19. Rxh1 O-O-O 20. c5 dxc5 21. Qxa6
1-0

[Event "First Saturday 2006 augusztus FM-A"]
[Site "Budapest"]
[Date "2006.08.13"]
[Round "9"]
[White "Fekete, Jozsef"]
[Black "Mizsei, Janos"]
[Result "0-1"]
[WhiteElo "2193"]
[BlackElo "2131"]
[PlyCount "70"]
[EventDate "2006.08.05"]

1. d4 Nf6 2. Bg5 e6 3. e3 h6 4. Bh4 d5 5. Nd2 c5 6. c3 Nc6 7. f4 Bd6 8. Qf3
cxd4 9. exd4 Bd7 10. Bd3 Qc7 11. Ne2 O-O-O 12. b4 Rdg8 13. Bg3 g6 14. a4 Nh5
15. O-O Nxg3 16. hxg3 g5 17. Nb3 gxf4 18. gxf4 h5 19. a5 Ne7 20. Nc5 Rg4 21.
Rf2 Rhg8 22. Rc1 Ng6 23. Bxg6 R8xg6 24. Nd3 f6 25. Nc5 f5 26. a6 b6 27. Nxd7
Kxd7 28. Kf1 Qc4 29. Ke1 h4 30. Ra1 Bxf4 31. Nxf4 Rxf4 32. Qxf4 Qxc3+ 33. Rd2
Qxa1+ 34. Kf2 Qc3 35. Re2 Rg4 0-1

[Event "First Saturday 2006 augusztus FM-A"]
[Site "Budapest"]
[Date "2006.08.13"]
[Round "9"]
[White "Letay, Gyula"]
[Black "Honsch, Pal"]
[Result "1-0"]
[WhiteElo "2172"]
[BlackElo "2099"]
[PlyCount "123"]
[EventDate "2006.08.05"]

1. e4 c5 2. Nf3 d6 3. d4 cxd4 4. Nxd4 Nf6 5. Nc3 a6 6. Be2 e5 7. Nf3 h6 8. O-O
Be6 9. Re1 Nbd7 10. Nd2 b5 11. a3 Nb6 12. Bf3 Be7 13. Nf1 O-O 14. b3 Qc7 15.
Bb2 Rac8 16. Ne3 Qb8 17. g3 Rc5 18. b4 Rc7 19. Rc1 Nc4 20. Nxc4 Rxc4 21. Nb1
Rfc8 22. Nd2 R4c7 23. Nf1 Nd7 24. Ne3 Nb6 25. Be2 Na4 26. Ba1 Nc3 27. Bxc3 Rxc3
28. Ra1 Bg5 29. Bd3 Qb6 30. Nd5 Bxd5 31. exd5 Qb7 32. a4 g6 33. h4 Bf6 34. h5
g5 35. axb5 axb5 36. Ra5 Qd7 37. Qf3 Bg7 38. Kg2 R8c7 39. Ra8+ Rc8 40. Rxc8+
Qxc8 41. Qe4 f5 42. Qxf5 Qxf5 43. Bxf5 Rc4 44. Rb1 e4 45. Rb3 Rxc2 46. Bxe4 Rb2
47. Ra3 Rxb4 48. Ra8+ Bf8 49. Bf5 Ra4 50. Rb8 Ra7 51. Rxb5 Kf7 52. Be6+ Kg7 53.
Kh3 Kf6 54. Kg4 Ra4+ 55. f4 gxf4 56. gxf4 Ra7 57. Rb8 Kg7 58. Kf5 Rc7 59. Rb2
Rc3 60. Rg2+ Kh7 61. Bg8+ Kh8 62. Be6 1-0

0

 1-0

[Event "First Saturday 2006 augusztus FM-A"]
[Site "Budapest"]
[Date "2006.08.14"]
[Round "10"]
[White "Bolvary, Tamara"]
[Black "Honsch, Pal"]
[Result "0-1"]
[WhiteElo "2104"]
[BlackElo "2099"]
[PlyCount "92"]
[EventDate "2006.08.05"]

1. e4 c5 2. Nf3 d6 3. c3 Nf6 4. Be2 g6 5. O-O Nc6 6. d3 Bg7 7. Re1 O-O 8. h3
Rb8 9. Bf1 b5 10. d4 cxd4 11. cxd4 d5 12. e5 Ne4 13. Nbd2 Nxd2 14. Bxd2 Qb6 15.
Bf4 Bf5 16. e6 Rbd8 17. exf7+ Rxf7 18. Be5 Be4 19. Bxg7 Bxf3 20. gxf3 Kxg7 21.
Re6 Rf6 22. Qe1 Rxe6 23. Qxe6 Rd6 24. Qe3 Qxd4 25. Rc1 Qxe3 26. fxe3 a6 27. a4
Ne5 28. axb5 axb5 29. Bxb5 Nxf3+ 30. Kf2 Ne5 31. Rc5 Kf6 32. Bf1 d4 33. exd4
Rxd4 34. Ke3 Rd1 35. Ke2 Rd4 36. Ke3 Rb4 37. Rc2 Rb3+ 38. Kd4 Rf3 39. Bg2 Rf4+
40. Kd5 e6+ 41. Kd6 Nd3 42. Re2 Rd4+ 43. Kc7 e5 44. Kc8 Ke7 45. Rd2 Rc4+ 46.
Kb7 Rb4+ 0-1

[Event "First Saturday 2006 augusztus FM-A"]
[Site "Budapest"]
[Date "2006.08.14"]
[Round "10"]
[White "Szabo, Bence"]
[Black "Letay, Gyula"]
[Result "1/2-1/2"]
[WhiteElo "2040"]
[BlackElo "2172"]
[PlyCount "65"]
[EventDate "2006.08.05"]

1. d4 d5 2. c4 e6 3. Nf3 Be7 4. Nc3 Nf6 5. Bf4 Nbd7 6. e3 c6 7. cxd5 exd5 8.
Bd3 O-O 9. O-O h6 10. Ne5 Re8 11. Qf3 Bf8 12. h3 Qe7 13. Ne2 Nxe5 14. Bxe5 Nd7
15. Bf4 g6 16. Bg3 Bg7 17. Rac1 Nf6 18. Be5 Ne4 19. Bxg7 Kxg7 20. Bxe4 dxe4 21.
Qg3 Qe6 22. b3 a5 23. Nf4 Qe7 24. d5 Bd7 25. Rfd1 Qg5 26. Qh2 Re5 27. dxc6 Bxc6
28. Ne2 Rd5 29. Rxd5 Qxd5 30. Nd4 Rc8 31. Qf4 a4 32. bxa4 Ra8 33. Nxc6 1/2-1/2

[Event "First Saturday 2006 augusztus FM-A"]
[Site "Budapest"]
[Date "2006.08.14"]
[Round "10"]
[White "Kubacsny, Vilmos"]
[Black "Fekete, Jozsef"]
[Result "0-1"]
[WhiteElo "2079"]
[BlackElo "2193"]
[PlyCount "92"]
[EventDate "2006.08.05"]

1. d4 d6 2. e4 g6 3. Nf3 Bg7 4. Nc3 Bg4 5. Be2 Nc6 6. Be3 e5 7. d5 Nce7 8. Nd2
Bd7 9. O-O f5 10. f4 fxe4 11. fxe5 Nf5 12. Rxf5 gxf5 13. Bh5+ Kf8 14. Ndxe4
Bxe5 15. Bg5 Nf6 16. Qf3 Rg8 17. Bh6+ Ke7 18. Nxf6 Bxf6 19. Qe3+ Be5 20. Bg5+
Rxg5 21. Qxg5+ Kf8 22. Qh6+ Kg8 23. Rf1 Qf6 24. Qxf6 Bxf6 25. Rf3 Bd4+ 26. Kf1
Kg7 27. Rd3 Be5 28. h3 Kh6 29. Bf3 Re8 30. b3 Kg5 31. Ne2 h5 32. c4 a5 33. Nd4
Re7 34. Kf2 h4 35. Be2 Bg3+ 36. Rxg3+ hxg3+ 37. Kxg3 f4+ 38. Kf2 Bf5 39. h4+
Kf6 40. Bf3 Bb1 41. a4 Ke5 42. Nb5 Bc2 43. Ke2 Bxb3 44. Kd3 Bxa4 45. Nd4 Bd7
46. Be4 Bg4 0-1

[Event "First Saturday 2006 augusztus FM-A"]
[Site "Budapest"]
[Date "2006.08.14"]
[Round "10"]
[White "Juhasz, Mark"]
[Black "Varga, Karoly"]
[Result "1-0"]
[WhiteElo "2169"]
[BlackElo "2104"]
[PlyCount "21"]
[EventDate "2006.08.05"]

1. c4 c5 2. g3 Nc6 3. Bg2 g6 4. Nc3 Bg7 5. a3 e6 6. b4 cxb4 7. axb4 Nxb4 8. Ba3
Nc6 9. Nb5 Nge7 10. Bd6 O-O 11. Bc7 1-0

[Event "First Saturday 2006 augusztus FM-A"]
[Site "Budapest"]
[Date "2006.08.14"]
[Round "10"]
[White "Ohme, Melanie"]
[Black "Csapo, Zoltan"]
[Result "1/2-1/2"]
[WhiteElo "2123"]
[BlackElo "2210"]
[PlyCount "151"]
[EventDate "2006.08.05"]

1. e4 e5 2. Bc4 Nf6 3. d3 c6 4. Nf3 Be7 5. O-O d6 6. c3 Nbd7 7. Bb3 O-O 8. Nbd2
h6 9. Re1 Nh7 10. Nf1 Ng5 11. Be3 Nxf3+ 12. Qxf3 Nf6 13. h3 Nh7 14. Ng3 Ng5 15.
Qe2 Ne6 16. Rad1 a5 17. d4 a4 18. Bxe6 Bxe6 19. dxe5 Qc7 20. exd6 Bxd6 21. Nf5
Bh2+ 22. Kh1 Be5 23. a3 Kh7 24. Nd4 Bd7 25. Rd2 c5 26. Nf3 f6 27. Bxc5 Rf7 28.
Nxe5 Qxe5 29. Rd5 Qe8 30. Bb4 Bc6 31. Rd4 Rd7 32. Qd3 Kh8 33. Rxd7 Bxd7 34. Rd1
Bc6 35. f3 Qf7 36. Qd6 Re8 37. Bc5 Qb3 38. Rd2 Kh7 39. Bd4 Qb5 40. Kh2 Qg5 41.
Bf2 Qb5 42. Qc5 Qf1 43. Bg3 Qc1 44. Qf2 Qb1 45. Qg1 Qa2 46. Qd4 Qe6 47. Qd6 Qf7
48. e5 f5 49. Bf4 Re6 50. Qc5 g5 51. Bg3 f4 52. Bf2 Qf5 53. Bd4 h5 54. Qc4 g4
55. Qd3 g3+ 56. Kg1 Kg6 57. c4 Re7 58. Kf1 Qxd3+ 59. Rxd3 b5 60. Bc5 Re6 61.
Bd6 bxc4 62. Rd4 Kf5 63. Ke1 Bb5 64. Rd5 Bd7 65. Rc5 h4 66. Rxc4 Re8 67. Kd2
Rc8 68. Bc7 Bb5 69. Rc1 Ke6 70. Ke1 Bd3 71. Rc6+ Kd5 72. Rc3 Bc4 73. Bd6 Rc6
74. Rc1 Rb6 75. Bb4 Bb3 76. Rc5+ 1/2-1/2

[Event "First Saturday 2006 augusztus FM-A"]
[Site "Budapest"]
[Date "2006.08.14"]
[Round "10"]
[White "Hoang, Tri"]
[Black "Balogh, Laszlo"]
[Result "1/2-1/2"]
[WhiteElo "2147"]
[BlackElo "2200"]
[PlyCount "86"]
[EventDate "2006.08.05"]

1. d4 e6 2. Nf3 Nf6 3. Bf4 c5 4. e3 b6 5. Bd3 Bb7 6. Nbd2 cxd4 7. exd4 Be7 8.
O-O O-O 9. c3 d6 10. h3 Nbd7 11. Re1 Re8 12. Rc1 a6 13. Ne4 Nxe4 14. Bxe4 Bxe4
15. Rxe4 Nf6 16. Re2 b5 17. Qb3 Qd7 18. Bh2 Rec8 19. Rce1 Bf8 20. Ng5 h6 21.
Ne4 Nxe4 22. Rxe4 d5 23. R4e3 Rc4 24. a3 a5 25. Bf4 b4 26. axb4 axb4 27. Rg3
Bd6 28. Bxd6 Qxd6 29. Qd1 g6 30. Qd3 Kg7 31. h4 h5 32. Re5 bxc3 33. bxc3 Ra1+
34. Kh2 Ra3 35. Qd2 Kf8 36. Rf3 Ke8 37. Qh6 Qd7 38. Rxe6+ Qxe6 39. Re3 Qxe3 40.
Qxe3+ Kf8 41. Qg5 Rcxc3 42. Qxd5 Rd3 43. Qd6+ Kg8 1/2-1/2

[Event "First Saturday 2006 augusztus FM-A"]
[Site "Budapest"]
[Date "2006.08.15"]
[Round "11"]
[White "Balogh, Laszlo"]
[Black "Bolvary, Tamara"]
[Result "1/2-1/2"]
[WhiteElo "2200"]
[BlackElo "2104"]
[PlyCount "71"]
[EventDate "2006.08.05"]

1. d4 d5 2. Nc3 Nf6 3. Bg5 Nbd7 4. Nf3 c6 5. e3 g6 6. Bd3 Bg7 7. O-O O-O 8. Qd2
Re8 9. e4 dxe4 10. Nxe4 Nxe4 11. Bxe4 Nf6 12. Bd3 Bg4 13. Ne5 Be6 14. c3 Qc7
15. f4 Bf5 16. Bxf5 gxf5 17. Bxf6 Bxf6 18. Qe2 e6 19. Nd3 Kh8 20. Rf3 Rg8 21.
Qe3 Rg7 22. Rg3 Rag8 23. Rxg7 Rxg7 24. Ne5 Be7 25. b4 Bd6 26. Rf1 a5 27. a3 Qd8
28. Nd3 Bc7 29. Qf3 Rg4 30. g3 Rg8 31. Ne5 Bxe5 32. dxe5 axb4 33. axb4 Qb6+ 34.
Qf2 Qb5 35. Rd1 Ra8 36. Qd2 1/2-1/2

[Event "First Saturday 2006 augusztus FM-A"]
[Site "Budapest"]
[Date "2006.08.15"]
[Round "11"]
[White "Csapo, Zoltan"]
[Black "Hoang, Tri"]
[Result "1-0"]
[WhiteElo "2210"]
[BlackElo "2147"]
[PlyCount "63"]
[EventDate "2006.08.05"]

1. e4 e5 2. Nf3 Nf6 3. Nxe5 d6 4. Nc4 Nxe4 5. Qe2 Qe7 6. Ne3 Be6 7. g3 c6 8.
Bg2 Nf6 9. O-O Nbd7 10. Nc3 d5 11. d4 O-O-O 12. Rb1 Ne4 13. Nxe4 dxe4 14. Bxe4
Bxa2 15. Nf5 Qe6 16. Ra1 Bc4 17. Qf3 Bxf1 18. d5 cxd5 19. Bxd5 Qb6 20. Kxf1 Ne5
21. Qe4 Bc5 22. c4 f6 23. b4 Bxf2 24. c5 Qb5+ 25. Kxf2 Rhe8 26. Kg1 Qd3 27.
Nd6+ Rxd6 28. cxd6 Nf3+ 29. Qxf3 Qd4+ 30. Kg2 Qxa1 31. Qf5+ Kd8 32. Qc2 1-0

[Event "First Saturday 2006 augusztus FM-A"]
[Site "Budapest"]
[Date "2006.08.15"]
[Round "11"]
[White "Varga, Karoly"]
[Black "Ohme, Melanie"]
[Result "0-1"]
[WhiteElo "2104"]
[BlackElo "2123"]
[PlyCount "104"]
[EventDate "2006.08.05"]

1. c4 c5 2. Nc3 Nc6 3. g3 g6 4. Bg2 Bg7 5. a3 d6 6. e3 e5 7. Nge2 Nge7 8. O-O
O-O 9. Rb1 Be6 10. Nd5 Qd7 11. b4 Nd8 12. Nec3 f5 13. f4 Rc8 14. b5 e4 15. d3
Nxd5 16. Nxd5 Bxd5 17. cxd5 exd3 18. Qxd3 c4 19. Qc2 b6 20. a4 Nb7 21. Ba3 Rfe8
22. Rfe1 Nc5 23. Bf1 Ne4 24. Bb4 c3 25. Rbc1 Qb7 26. Red1 Re7 27. Bg2 Qc7 28.
Bxe4 Rxe4 29. Rb1 Rxe3 30. Rb3 Qe7 31. Rc1 Re2 32. Qd3 Rd2 33. Qxd2 cxd2 34.
Rxc8+ Kf7 35. Bxd2 Bd4+ 36. Kf1 Qe4 37. Rc7+ Ke8 38. h4 Qxd5 39. Rd3 Qe4 40.
Rb3 Bc5 41. Rc3 d5 42. Rxa7 d4 43. Rxc5 bxc5 44. b6 Qb1+ 45. Ke2 Qxb6 46. Rxh7
Qa6+ 47. Ke1 Qxa4 48. h5 gxh5 49. Rxh5 Qb3 50. Kf2 Qc2 51. Ke1 c4 52. g4 c3 0-1

[Event "First Saturday 2006 augusztus FM-A"]
[Site "Budapest"]
[Date "2006.08.15"]
[Round "11"]
[White "Fekete, Jozsef"]
[Black "Juhasz, Mark"]
[Result "0-1"]
[WhiteElo "2193"]
[BlackElo "2169"]
[PlyCount "52"]
[EventDate "2006.08.05"]

1. d4 Nf6 2. Bg5 c5 3. dxc5 Qa5+ 4. Qd2 Qxc5 5. Nc3 e6 6. e4 d6 7. O-O-O a6 8.
f4 Nbd7 9. Nf3 Be7 10. Bd3 b5 11. Rhe1 Bb7 12. e5 Bxf3 13. exf6 gxf6 14. gxf3
fxg5 15. Ne4 Qd5 16. Qc3 Rg8 17. Nxd6+ Qxd6 18. Bxh7 Qxf4+ 19. Kb1 Rf8 20. Be4
Bf6 21. Qc6 Ra7 22. Rd6 Ke7 23. Red1 Rd8 24. c3 Be5 25. R6d2 Rc7 26. Qxa6 Nc5
0-1

[Event "First Saturday 2006 augusztus FM-A"]
[Site "Budapest"]
[Date "2006.08.15"]
[Round "11"]
[White "Letay, Gyula"]
[Black "Mizsei, Janos"]
[Result "1-0"]
[WhiteElo "2172"]
[BlackElo "2131"]
[PlyCount "67"]
[EventDate "2006.08.05"]

1. e4 e6 2. Nf3 d5 3. Nc3 Nf6 4. e5 Nfd7 5. d4 c5 6. dxc5 Bxc5 7. Bd3 Nc6 8.
Bf4 Qb6 9. O-O Qxb2 10. Nb5 Kf8 11. Bd2 d4 12. Qe2 a6 13. Rfb1 Qxb1+ 14. Rxb1
axb5 15. Bxb5 d3 16. Qxd3 Rxa2 17. Bxc6 bxc6 18. Qe4 h6 19. h4 Ke7 20. Be3 Bxe3
21. Qxe3 Ba6 22. Qd4 Rc8 23. Qd6+ Ke8 24. Nd4 Bb5 25. Nxe6 Rxc2 26. Nxg7+ Kd8
27. Rd1 c5 28. e6 fxe6 29. Nxe6+ Ke8 30. Nc7+ Rxc7 31. Qxc7 Re2 32. Qd6 c4 33.
Qg6+ Kd8 34. Qb6+ 1-0

[Event "First Saturday 2006 augusztus FM-A"]
[Site "Budapest"]
[Date "2006.08.15"]
[Round "11"]
[White "Honsch, Pal"]
[Black "Szabo, Bence"]
[Result "1/2-1/2"]
[WhiteElo "2099"]
[BlackElo "2040"]
[PlyCount "82"]
[EventDate "2006.08.05"]

1. d4 Nf6 2. c4 g6 3. Nf3 Bg7 4. g3 O-O 5. Bg2 d5 6. cxd5 Nxd5 7. Nc3 Nc6 8.
O-O Nb6 9. e3 e5 10. d5 Ne7 11. e4 Bd7 12. Qb3 Nec8 13. Bg5 Qe8 14. a4 Nd6 15.
Nd2 Nbc8 16. Rfe1 f6 17. Be3 Qf7 18. f4 Qe7 19. fxe5 fxe5 20. Nf3 Bg4 21. Rf1
Nb6 22. Bc5 Bh6 23. h3 Bc8 24. Nb5 Nd7 25. Ba3 Nf6 26. Rae1 Nh5 27. Kh2 a6 28.
Nxd6 cxd6 29. Qb6 Rd8 30. a5 Kh8 31. Re2 Kg8 32. Rc2 Rd7 33. h4 Nf6 34. Bh3
Nxe4 35. Re2 Nxg3 36. Kxg3 Bf4+ 37. Kg2 Rd8 38. Bxc8 Raxc8 39. Qf2 Qd7 40. Nh2
Rf8 41. Qe1 Rc1 1/2-1/2

[Event "First Saturday 2006 augusztus FM-A"]
[Site "Budapest"]
[Date "2006.08.16"]
[Round "12"]
[White "Bolvary, Tamara"]
[Black "Szabo, Bence"]
[Result "0-1"]
[WhiteElo "2104"]
[BlackElo "2040"]
[PlyCount "30"]
[EventDate "2006.08.05"]

1. c4 e5 2. g3 Nf6 3. Bg2 d5 4. cxd5 Nxd5 5. Nc3 Nb6 6. Nf3 Nc6 7. O-O Be7 8.
d3 O-O 9. Be3 f6 10. Qb3+ Kh8 11. Rac1 Bg4 12. Nb5 Qd7 13. a3 Na5 14. Qc3 Qxb5
15. Qxc7 Nd5 0-1

[Event "First Saturday 2006 augusztus FM-A"]
[Site "Budapest"]
[Date "2006.08.16"]
[Round "12"]
[White "Mizsei, Janos"]
[Black "Honsch, Pal"]
[Result "0-1"]
[WhiteElo "2131"]
[BlackElo "2099"]
[PlyCount "72"]
[EventDate "2006.08.05"]

1. d4 Nf6 2. c4 e6 3. Nf3 c5 4. d5 exd5 5. cxd5 d6 6. Nc3 g6 7. e4 Bg7 8. Bb5+
Nbd7 9. O-O O-O 10. Bf4 Qc7 11. h3 a6 12. Bd3 b5 13. Rc1 Nh5 14. Bh2 Bh6 15.
Rb1 Re8 16. Re1 Nf4 17. Bf1 b4 18. Ne2 Nxe2+ 19. Rxe2 Bg7 20. Re1 Ne5 21. Nd2
f5 22. f3 fxe4 23. fxe4 Qe7 24. Nc4 Nxc4 25. Bxc4 Be5 26. Bxe5 Qxe5 27. Qd3 Rf8
28. Rf1 Bb7 29. b3 Kg7 30. Rbe1 Qb2 31. Qe2 Qd4+ 32. Kh2 Qe5+ 33. Kh1 Qg3 34.
Rxf8 Rxf8 35. e5 Rf2 36. Qe4 Rxg2 0-1

[Event "First Saturday 2006 augusztus FM-A"]
[Site "Budapest"]
[Date "2006.08.16"]
[Round "12"]
[White "Kubacsny, Vilmos"]
[Black "Letay, Gyula"]
[Result "1-0"]
[WhiteElo "2079"]
[BlackElo "2172"]
[PlyCount "95"]
[EventDate "2006.08.05"]

1. d4 d5 2. c4 e6 3. Nf3 Be7 4. e3 Nf6 5. Nc3 b6 6. b3 Bb7 7. Be2 Nbd7 8. O-O
O-O 9. Bb2 c5 10. Rc1 a6 11. Qc2 Rc8 12. Qb1 Qc7 13. cxd5 exd5 14. Na4 Qb8 15.
Qf5 Bc6 16. Bxa6 Rc7 17. Bd3 c4 18. Bb1 b5 19. Nc5 Nxc5 20. dxc5 Bd7 21. Qc2
cxb3 22. Qxb3 Rc6 23. Ne5 Re6 24. f4 Rc8 25. Bd4 g6 26. Qb2 Be8 27. f5 Ra6 28.
fxg6 hxg6 29. Qf2 Re6 30. Qb2 Ne4 31. Bxe4 dxe4 32. Ng4 f5 33. Qb3 Rcc6 34. Ne5
Ra6 35. c6 Qc8 36. Qxb5 Rxa2 37. Nd7 Ra6 38. Nb6 Rxb6 39. Bxb6 Bxc6 40. Qc4 Kh7
41. g4 Qg8 42. Bd4 fxg4 43. Rf4 g5 44. Rf5 Qg6 45. Rcf1 Be8 46. Qc8 Bd6 47. Rf6
Qh5 48. Rf7+ 1-0

[Event "First Saturday 2006 augusztus FM-A"]
[Site "Budapest"]
[Date "2006.08.16"]
[Round "12"]
[White "Ohme, Melanie"]
[Black "Fekete, Jozsef"]
[Result "0-1"]
[WhiteElo "2123"]
[BlackElo "2193"]
[PlyCount "98"]
[EventDate "2006.08.05"]

1. e4 d6 2. d4 g6 3. Nc3 Bg7 4. f4 c6 5. Be3 Qb6 6. Qd2 Qxb2 7. Rb1 Qa3 8. Nf3
Nf6 9. h3 O-O 10. Bd3 Qa5 11. g4 Nbd7 12. f5 c5 13. g5 Nh5 14. Rb5 Qd8 15. dxc5
a6 16. Rb1 Nxc5 17. Bxc5 dxc5 18. Na4 Qd6 19. Qf2 Bd4 20. Nxd4 cxd4 21. Nb6 Rb8
22. O-O f6 23. Nxc8 Rfxc8 24. gxf6 Qxf6 25. Qg2 e5 26. fxe6 Qxe6 27. Qg4 Ng7
28. Qxe6+ Nxe6 29. Rb6 Ng5 30. h4 Nf7 31. Rb4 Ne5 32. Rxd4 Rd8 33. Rxd8+ Rxd8
34. Rd1 Kg7 35. Kf2 Rd4 36. Ke3 Ra4 37. Rb1 b5 38. Rb2 Kf6 39. Kf4 h6 40. Ke3
Nc4+ 41. Bxc4 Rxc4 42. c3 Ke5 43. Rg2 Rxe4+ 44. Kd3 Kf5 45. Rf2+ Rf4 46. Rh2
Ra4 47. Rf2+ Kg4 48. Rg2+ Kh5 49. Re2 Kxh4 0-1

[Event "First Saturday 2006 augusztus FM-A"]
[Site "Budapest"]
[Date "2006.08.16"]
[Round "12"]
[White "Hoang, Tri"]
[Black "Varga, Karoly"]
[Result "1-0"]
[WhiteElo "2147"]
[BlackElo "2104"]
[PlyCount "107"]
[EventDate "2006.08.05"]

1. d4 d5 2. Bg5 Bf5 3. Nf3 Nd7 4. e3 Ngf6 5. c4 c6 6. Nc3 e6 7. Be2 Bd6 8. O-O
O-O 9. cxd5 exd5 10. a3 a5 11. Qd2 h6 12. Bh4 g5 13. Bg3 Qe7 14. Bd3 Ne4 15.
Bxe4 dxe4 16. Ne1 Nf6 17. Nc2 Be6 18. Bxd6 Qxd6 19. f4 Bc4 20. fxg5 Bxf1 21.
Rxf1 hxg5 22. Rf5 Nh7 23. Nxe4 Qg6 24. Qf2 f6 25. Ne1 Rad8 26. Nd3 Rd5 27. g4
Rxf5 28. gxf5 Qh5 29. Ndc5 Qg4+ 30. Ng3 Rf7 31. Qc2 Qf3 32. Qb3 Qd5 33. Qd1 Nf8
34. Qh5 b6 35. Nce4 c5 36. h4 Nh7 37. hxg5 fxg5 38. Qg6+ Kf8 39. Nd6 cxd4 40.
Qxf7+ Qxf7 41. Nxf7 Kxf7 42. exd4 Nf6 43. Kf2 Nd5 44. Kf3 b5 45. Ne4 b4 46.
Nxg5+ Kf6 47. Ke4 bxa3 48. bxa3 Nc3+ 49. Kd3 Nb1 50. Ne4+ Kxf5 51. Nd6+ Ke6 52.
Nb5 Kd5 53. a4 Kc6 54. Kc2 1-0

[Event "First Saturday 2006 augusztus FM-A"]
[Site "Budapest"]
[Date "2006.08.16"]
[Round "12"]
[White "Balogh, Laszlo"]
[Black "Csapo, Zoltan"]
[Result "1-0"]
[WhiteElo "2200"]
[BlackElo "2210"]
[PlyCount "53"]
[EventDate "2006.08.05"]

1. d4 Nf6 2. Bg5 b5 3. Bxf6 gxf6 4. e3 Bb7 5. Nf3 Rg8 6. Qd3 Rg6 7. Qxb5 Ba6 8.
Qa4 Bxf1 9. Kxf1 Qc8 10. Nbd2 c5 11. c3 e6 12. g3 Nc6 13. Kg2 cxd4 14. cxd4 Rb8
15. Rab1 Rb4 16. Qc2 Qb7 17. a3 Rb5 18. b4 Be7 19. Rhd1 Kf8 20. Kg1 Kg7 21. Nh4
Rh6 22. Ng2 f5 23. Nb3 e5 24. dxe5 Nxe5 25. Nd4 Rh3 26. Qe2 Ng4 27. Qxb5 1-0

[Event "First Saturday 2006 augusztus FM-A"]
[Site "Budapest"]
[Date "2006.08.17"]
[Round "13"]
[White "Csapo, Zoltan"]
[Black "Bolvary, Tamara"]
[Result "1/2-1/2"]
[WhiteElo "2210"]
[BlackElo "2104"]
[PlyCount "30"]
[EventDate "2006.08.05"]

1. e4 c6 2. d4 d5 3. e5 Bf5 4. Nf3 e6 5. Be2 c5 6. Be3 Ne7 7. O-O Nec6 8. dxc5
Nd7 9. Nd4 Nxd4 10. Bxd4 Bxc5 11. Bxc5 Nxc5 12. Bb5+ Kf8 13. Nc3 a6 14. Qd4 Rc8
15. Bd3 Bg6 1/2-1/2

[Event "First Saturday 2006 augusztus FM-A"]
[Site "Budapest"]
[Date "2006.08.17"]
[Round "13"]
[White "Varga, Karoly"]
[Black "Balogh, Laszlo"]
[Result "0-1"]
[WhiteElo "2104"]
[BlackElo "2200"]
[PlyCount "54"]
[EventDate "2006.08.05"]

1. c4 e6 2. e4 d5 3. cxd5 exd5 4. exd5 Nf6 5. Nc3 Be7 6. Bc4 O-O 7. Nf3 Bg4 8.
O-O Nbd7 9. h3 Bh5 10. g4 Bg6 11. Nh4 Nb6 12. Nxg6 hxg6 13. Qb3 Nxc4 14. Qxc4
Ne8 15. d3 Nd6 16. Qf4 Qd7 17. Be3 g5 18. Qa4 b5 19. Qb3 f5 20. f3 a5 21. a4 b4
22. Ne2 Bf6 23. Bd4 Rae8 24. Bxf6 Rxe2 25. Bxg5 Nf7 26. Bh4 Qd6 27. Rae1 Qh2#
0-1